| 000 | 00871nac a22002771u 4500 | ||
|---|---|---|---|
| 003 | EG-ScBUE | ||
| 005 | 20221212103554.0 | ||
| 008 | 221212s2003 ko a f 000 0 eng d | ||
| 020 | _a8987223329 | ||
| 020 | _a9788987223322 | ||
| 040 |
_aEG-ScBUE _beng _erda _cEG-ScBUE _dEG-ScBUE |
||
| 041 | 0 |
_aeng _akor |
|
| 043 | _an-us-ny | ||
| 082 | 0 | 4 |
_a725.23097471 _222 _bNEW |
| 245 | 0 | 0 | _aNew York world trade center competition. |
| 264 | 1 |
_aSeoul, Korea : _bArchiworld, _c2003. |
|
| 300 |
_a191 pages : _bcolor illustrations ; _c31 cm. |
||
| 490 | 0 |
_aNew town project ; _v2 |
|
| 546 | _aText in Korean and English. | ||
| 650 | 7 |
_aMemorials _xCompetitions _zNew York (State) _2BUEsh |
|
| 650 | 7 |
_aArchitecture _xCompetitions. _2BUEsh |
|
| 651 | 7 |
_aWorld Trade Center Site (New York, N.Y.) _xPlanning. _2BUEsh |
|
| 653 | _bENGARC | ||
| 655 | _vReading book | ||
| 942 |
_cBB _2ddc |
||
| 999 |
_c3212 _d3212 |
||